Normal view MARC view

Entry Topical Term

Number of records used in: 1

001 - CONTROL NUMBER

  • control field: 12169

003 - CONTROL NUMBER IDENTIFIER

  • control field: OSt

005 - DATE AND TIME OF LATEST TRANSACTION

  • control field: 20170927153514.0

008 - FIXED-LENGTH DATA ELEMENTS

  • fixed length control field: 170927|| aca||aabn | a|a d

040 ## - CATALOGING SOURCE

  • Original cataloging agency: OSt
  • Transcribing agency: OSt

150 ## - HEADING--TOPICAL TERM

  • Topical term or geographic name entry element: Mammals
  • General subdivision: Identification.

670 ## - SOURCE DATA FOUND

  • Source citation: Work cat.: (OSt)5852: Booth, Ernest S. (Ernest Sheldon) 12167, How to know the mammals, 1961